000 02897nam0a2200349 4500
001 RU\NLR\bibl\1308078
005 20260407193336.0
010 _a978-5-90383903-2
_9100
021 _aRU
_b2008-84983
_94962
035 _a(NLR Aleph) 001293559
090 _a574483
_c574483
100 _a20081215d2007 |||y0rusy50 ca
101 0 _arus
_deng
102 _aRU
105 _aa |||||||||
200 1 _aПодготовка педагога по физической культуре в условиях модернизации Российского образования
_eсборник материалов конференции
_e[в рамках 1-го Всероссийского конгресса "Кадровые ресурсы инновационного развития образовательной системы"]
210 _aМосква
_cМПГУ
_d2007
215 _a258 с.
_d29
300 _aЗагл. обл.: Всероссийская научно-практическая конференция "Подготовка педагога по физической культуре в условиях модернизации Российского образования"
300 _aНа тит. л. и обл. в надзаг.: Моск. пед. гос. ун-т, Междунар. акад. наук пед. образования, Учеб.-метод. об-ние по специальностям пед. образования, Учеб.-метод. комис. по физ. культуре, Фак. физ. культуры
300 _aРез. на англ. яз.
300 _a135 лет МПГУ, 15 лет Факультету физ. культуры посвящ.
512 0 _aВсероссийская научно-практическая конференция "Подготовка педагога по физической культуре в условиях модернизации Российского образования"
606 1 _aУчителя физического воспитания
_jСъезды, совещания и т.п.
_xПодготовка
_92071125
_3RU\NLR\auth\661245873
686 _aЧ489.518.267.3я431
711 1 2 _a"Подготовка педагога по физической культуре в условиях модернизации российского образования", всероссийская научно-практическая конференция
_eМосква
_f2007
_9751490
_3RU\NLR\AUTH\8810127116
711 1 2 _a"Кадровые ресурсы инновационного развития образовательной системы", всероссийский конгресс
_d1
_eМосква
_f2007
_9751493
_3RU\NLR\AUTH\8810127117
801 0 _aRU
_bNLR
_c20081215
_gRCR
801 1 _aRU
_bNLR
_c20081215
942 _cBOOK
980 _aNB